Statistics for Top 10 Countries by Type of Meat Eaten

Click here to take the quiz!

General Stats

  • This quiz has been taken 158 times
  • The average score is 29 of 60

Answer Stats

HintAmount Per PersonAnswer% Correct
Poultry55.68 kgUnited States
99%
Beef37.08 kgUnited States
99%
Poultry48.03 kgBrazil
91%
Beef37.05 kgBrazil
91%
Pork50.45 kgGermany
86%
Beef54.16 kgArgentina
85%
Mutton & Goat10.07 kgAustralia
83%
Beef35.70 kgAustralia
83%
Pork53.62 kgSpain
83%
Pork43.77 kgItaly
79%
Mutton & Goat19.00 kgNew Zealand
76%
Pork41.95 kgPortugal
71%
Seafood56.84 kgPortugal
71%
Seafood54.97 kgSouth Korea
70%
Pork55.01 kgPoland
68%
Seafood90.71 kgIceland
67%
Mutton & Goat21.92 kgIceland
67%
Seafood51.35 kgNorway
67%
Pork48.97 kgAustria
63%
Beef25.38 kgDenmark
59%
Beef31.65 kgUruguay
55%
Other Meats12.10 kgMongolia
54%
Mutton & Goat50.74 kgMongolia
54%
Other Meats5.76 kgKazakhstan
52%
Mutton & Goat9.27 kgKazakhstan
52%
Beef26.50 kgIsrael
51%
Poultry67.39 kgIsrael
51%
Pork49.82 kgHungary
50%
Seafood57.62 kgMalaysia
48%
Pork45.82 kgCzech Republic
47%
Beef27.08 kgUzbekistan
46%
Poultry51.10 kgJamaica
42%
Pork49.58 kgCroatia
40%
Other Meats5.56 kgMalta
38%
Seafood46.32 kgSamoa
37%
Poultry64.47 kgSamoa
37%
Mutton & Goat25.90 kgTurkmenistan
37%
Beef29.47 kgTurkmenistan
37%
Beef24.64 kgLuxembourg
35%
Pork47.49 kgLithuania
34%
Other Meats6.06 kgNorth Korea
33%
Mutton & Goat11.65 kgOman
33%
Mutton & Goat12.90 kgKuwait
32%
Seafood90.41 kgMaldives
32%
Other Meats9.30 kgRepublic of the Congo
32%
Poultry54.54 kgTrinidad and Tobago
29%
Seafood47.32 kgMyanmar
27%
Seafood76.69 kgKiribati
26%
Poultry56.69 kgSaint Lucia
26%
Poultry55.77 kgSt Kitts and Nevis
26%
Poultry72.31 kgSt. Vincent and the Grenadines
25%
Seafood52.54 kgAntigua and Barbuda
24%
Poultry54.10 kgAntigua and Barbuda
24%
Other Meats16.09 kgEast Timor
19%
Other Meats11.71 kgBotswana
17%
Mutton & Goat16.76 kgChad
17%
Other Meats6.32 kgIvory Coast
13%
Other Meats14.85 kgGabon
12%
Mutton & Goat12.71 kgMauritania
9%
Other Meats6.17 kgMauritania
9%

Score Distribution

Percentile by Number Answered

Percent of People with Each Score

Your Score History

You have not taken this quiz